000 00602nam a2200229 a 4500
001 nice12345678
003 IN_TiNIC
005 20260116011409.0
008 050524s1957 u sa grp 000 0 eng
020 _a
_c0
082 0 0 _a270.82
_bNCC
245 _aEcumenical Conversations, on the Theme
260 _aU S a
_bNational Council of Churches
_c1957
300 _a48p
500 _aincludes index and biblioraphy
505 2 _aMethodist church west africa
650 _aEcumenicalism
710 2 _aNational Christian Council ofChurches
902 _bSRS
942 _cBK
999 _c1171
_d1171